000 00605nam a2200193Ia 4500
005 20250508163521.0
008 008 250505s9999 xx 000 0 hin d
037 _aDissertations
040 _aFEDL
_beng
_cFEDL
041 _ahin
_2eng
084 _a375.49143, ADA/DI
_qFEDL
100 _aAdalja Neerav
_9611680
245 0 _a+2 Ister par hindi (Acchik) ke uddeshon ka drishti se pathyepustakon ka vishleshnatmak addhyan
260 _c1996
300 _a128p.
546 _aM.Ed. Dissertation (Delhi University)
942 _cDIS
_h375.49143, ADA/DI
999 _c1383846
_d1383846